00955nas a2200229Ia 4500001001100000003000900011008004100020040001300061040001300074041001300087100004700100210001200147222001200159245012000171250001100291260002200302501008600324300001800410362003500428500021900463650004300682R142/77674IT-RoPAU151124c99999999xx |||||||||||| ||und|| aIT-RoPAU cIT-RoPAU aFRANCESE aCarre Patrice A.gCodice Aut. SPICS: 46019 aRESEAUX aReseaux aRESEAUX, N.049 (SETTEMBRE/OTTOBRE 1991)bUn Developpement Incertain: la Diffusion Du Telephone En France Avant 1914 a1a ed. aPARISbCNETc1991 bPaulus - SPICS - Società San Paolo EM (non-commercial uses only)cCopyright2015 a18 p. [27-44] aN.049 (SETTEMBRE/OTTOBRE 1991) aSviluppo Incerto del Telefono in Francia Prima del 1914. Oggetto Comunicante e Rete. Uso Marginale e Stereotipo. Pionieri Locali e Camere di Commercio. Ritmi di Diffusione ed Economie Locali. Inchieste in Cantiere. aCOMUNICAZIONEvPUBBLICAZIONE PERIODICA